| 000 | 01022nam0a22002771 4500 | ||
|---|---|---|---|
| 001 | RU\NLR\INFOCOMM_190\5000030914 | ||
| 005 | 20250613091256.0 | ||
| 035 | _a(NLR Aleph) 009099791 | ||
| 090 |
_a8094046 _c8094046 |
||
| 100 | _a20090114d1734 |||y0rusy50 ca | ||
| 101 | 0 | _alat | |
| 102 | _aRU | ||
| 105 | _aa ||||000|y | ||
| 200 | 1 |
_aTheophili Sigefridi Bayeri ... Histioria Osrhoëna et Edessena ex numis illustrata _eIn qua Edessae urbis, Osrhoëni regni, Abgarorum regum ... res ... memorabiles ... explicantur |
|
| 210 |
_aPetropoli _cex typ. Acad. _d1734 |
||
| 215 |
_a[22], 362, [10] с., 7 л. ил. _cил. _d28 см |
||
| 517 | 1 | _aHistioria Osrhoëna et Edessena ex numis illustrata | |
| 686 |
_aИВ-30 (Нумизмат) _2rubbk |
||
| 700 | 1 |
_9z01790 _aBayer _bG. S. _f1694-1738 _gGottlieb Siegfried _4070 |
|
| 790 | 1 |
_9z01700 _aBayer _bTh. S. _gTheophilus Siegfried _4070 |
|
| 801 | 1 |
_aRU _bNLR _c20090114 |
|
| 801 | 0 |
_aRU _bNLR _gPSBO |
|
| 852 |
_aNLR _j12.6.8.3 |
||
| 852 |
_aNLR _j12.8.2.64 |
||
| 942 | _cBOOK | ||
| 980 | _aNB | ||